| 000 | 01260nam0a22002651 4500 | ||
|---|---|---|---|
| 001 | rc\2696118 | ||
| 005 | 20250623164423.0 | ||
| 035 | _a(NLR Aleph) 006824313 | ||
| 090 |
_a6476987 _c6476987 |
||
| 100 | _a20110915d1933 |||y0rusy50 ca | ||
| 101 | 0 | _arus | |
| 102 | _aRU | ||
| 105 | _aa z ||||| | ||
| 200 | 1 |
_aНеобычайные путешествия пионеров: Поля, Ольшанского, Восканьяна _e[Дневники-отчеты по материалам, прочитанным по заданиям библиотек] _eДля детей средн. и старш. возраста _f[Предисл.: Е. Виноградова] |
|
| 210 |
_a[Москва] _cМол. гвардия _d1933 _gтипо-лит. им. Воровского |
||
| 215 |
_aОбл., 188, [2] с., 2 с. объявл. _cил. _d18х13 см. |
||
| 300 | _aЗагл. обл.: Необычайное путешествие | ||
| 320 | _aБиблиогр.: "Список книг"... в конце каждого дневника | ||
| 512 | 0 | _aНеобычайное путешествие | |
| 702 | 1 |
_aВиноградов _bЕ. _4080 |
|
| 801 | 0 |
_aRU _bNLR _gpsbo |
|
| 801 | 1 |
_aRU _bELAR _2rusmarc |
|
| 852 |
_aNLR _j33-1/49 |
||
| 942 | _cBOOK | ||
| 980 | _aNB | ||